000 01146nam0a22002891 4500
001 RU\INFOCOMM_322\NLR\5000178013
005 20250613110611.0
035 _a(NLR Aleph) 009568707
090 _a9115533
_c9115533
100 _a20130214d1979 |||y0rusy50 ca
101 1 _afre
_crus
102 _aRU
105 _ay z |||||
200 1 _aManuel de l'infirmière chirurgicale et de l'infirmière panseuse
_fSous la dir. de B. Komarov
_g[Trad. du russe par Marat Goïkhmann]
210 _aM.
_cMir
_d1979
215 _a445 с.
_cил.
_d21 см
300 _aДоп. тит. л. на рус. яз.: Справочник операционной и перевязочной сестры / Под общ. ред. проф. Б. Д. Комарова
513 1 _aСправочник операционной и перевязочной сестры
_zrus
620 _aМосква
686 _aР45я72-1
_2rubbk
702 1 _9z01790
_aKomarov
_bB. D.
_gBoris Dmitrievič
_4340
790 1 _9z01702
_aKomarov
_bB.
_4340
801 1 _aRU
_bInfocomm
_c20130214
801 0 _aRU
_bINFOCOMM
_gPSBO
852 _aNLR
_jМд41 Д-3/71
942 _cBOOK
980 _aNB